La Clínica Mental de la Diputació de Barcelona : cinquantenari de la fundació de la Clínica. Santa Coloma de Gramenet. 20 d'octubre de 1980 cinquantenari de la fundació de la Clínica. Santa Coloma de Gramenet. 20 d'octubre de 1980
Descripción Física:
[26] p. : il. ; 31 cm
MARC
| LEADER | 00000nam a2200000Ia 4500 | ||
|---|---|---|---|
| 001 | 19561 | ||
| 008 | 160829s1980 xx 000 0 cat d | ||
| 080 | |a FU-8-42 | ||
| 245 | |a La Clínica Mental de la Diputació de Barcelona : |b cinquantenari de la fundació de la Clínica. Santa Coloma de Gramenet. 20 d'octubre de 1980 | ||
| 260 | |a Barcelona : |b Diputació de Barcelona. Oficina de Premsa, Informació i Edicions, |c 1980 | ||
| 300 | |a [26] p. : |b il. ; |c 31 cm | ||
| 590 | |a Prové de S-627, exp. 274 | ||
| 610 | 2 | 0 | |a Clínica Mental (Santa Coloma de Gramenet, Catalunya) |9 54649 |
| 700 | |a Clínica Mental de la Diputació de Barcelona (Santa Coloma de Gramenet) | ||
| 710 | 1 | |a Barcelona (Catalunya : Província). |b Oficina de Premsa, Informació i Edicions |9 54969 | |
| 901 | |a Arxiu | ||
| 942 | |n 1 | ||
| 952 | |0 0 |1 0 |4 0 |6 FU842 |7 1 |9 53390 |a Arxiu |b Arxiu |d 2016-12-01 |l 0 |o FU-8-42 |p 19561 |r 2016-12-01 00:00:00 |w 2016-12-01 |y ARXIU | ||
| 999 | |c 57255 |d 57255 | ||